000 00292nam a22001337a 4500
008 170215b xxu||||| |||| 00| 0 eng d
020 _a0314982000
041 _aeng
080 _a61
100 _a4
101 _aSHM
245 _aTHE LAW OF MEDICAL MALPRACTICE
_cKING, J,H
942 _2udc
_cBK
999 _c5595
_d5595